[Event "4NCL 2017-18"]
[Site "England ENG"]
[Date "2018.05.06"]
[Round "10.51"]
[White "Rudd, Jack"]
[Black "Gordon, Stephen J"]
[Result "0-1"]
[WhiteTitle "IM"]
[BlackTitle "GM"]
[WhiteElo "2273"]
[BlackElo "2529"]
[WhiteTeam "West is Best"]
[BlackTeam "3Cs"]
[WhiteFideId "405736"]
[BlackFideId "411477"]
[EventDate "2017.11.11"]

1. d4 Nf6 2. c4 e6 3. Nf3 b6 4. g3 Ba6 5. b3 Bb7 6. Bg2 Bb4+ 7. Bd2 c5 8. O-O
O-O 9. Bxb4 cxb4 10. a3 Na6 11. Re1 Qb8 12. Qd3 bxa3 13. Rxa3 Nb4 14. Qd2 a5 15.
Nc3 d5 16. Ne5 Rd8 17. e3 Ne4 18. Nxe4 dxe4 19. f4 exf3 20. Nxf3 Qc7 21. Rf1 f6
22. Raa1 Be4 23. Nh4 Qc6 24. Rad1 Bxg2 25. Nxg2 b5 26. Rc1 e5 27. d5 Qc5 28. Kh1
a4 29. cxb5 Qxb5 30. bxa4 Rxd5 31. Qc3 Qxa4 32. Qc4 Qb5 33. Qg4 Qb7 34. Rb1 Rb5
35. Rbd1 h5 36. Qxh5 Rd5 37. Qg4 Rad8 38. Rb1 Rd2 39. e4 Qa6 40. Ne3 Qe2 41.
Qe6+ Kh7 42. Qh3+ Kg6 43. Rxb4 Qxe3 44. Qf5+ Kh6 45. Rb7 Qg5 46. Qxg5+ fxg5 47.
h4 Re2 48. hxg5+ Kg6 49. Rb6+ Kh5 50. Kg1 Rd3 51. Rf2 Rxg3+ 52. Kf1 Rxe4 53. g6
Rf4 54. Re6 Rg5 55. Ke2 Rxf2+ 56. Kxf2 Rf5+ 57. Ke3 Kg5 58. Ke2 Rf6 59. Rxe5+
Kxg6 60. Re8 Kg5 61. Rh8 Rf4 62. Rh7 g6 63. Rh1 Kf6 64. Ke3 g5 65. Ra1 Kf5 66.
Ra5+ Kg4 67. Ra1 Rf3+ 68. Ke2 Rf5 69. Rg1+ Kh3 70. Ke3 g4 71. Ke4 Rf8 0-1

[Event "4NCL 2017-18"]
[Site "England ENG"]
[Date "2018.05.06"]
[Round "10.52"]
[White "Horton, Andrew P"]
[Black "Cooper, John G"]
[Result "1/2-1/2"]
[WhiteTitle "FM"]
[BlackTitle "IM"]
[WhiteElo "2403"]
[BlackElo "2268"]
[WhiteTeam "3Cs"]
[BlackTeam "West is Best"]
[WhiteFideId "424269"]
[BlackFideId "1800027"]
[EventDate "2017.11.11"]

1. Nf3 c5 2. c4 g6 3. g3 Bg7 4. Bg2 Nc6 5. Nc3 d6 6. O-O Nf6 7. d4 cxd4 8. Nxd4
Bd7 9. b3 Ne4 10. Bxe4 Nxd4 11. Bb2 Bc6 12. Na4 1/2-1/2

[Event "4NCL 2017-18"]
[Site "England ENG"]
[Date "2018.05.06"]
[Round "10.53"]
[White "Toma, Katarzyna"]
[Black "Ashton, Adam G"]
[Result "1-0"]
[WhiteTitle "WGM"]
[BlackTitle "FM"]
[WhiteElo "2264"]
[BlackElo "2364"]
[WhiteTeam "West is Best"]
[BlackTeam "3Cs"]
[WhiteFideId "1119907"]
[BlackFideId "410110"]
[EventDate "2017.11.11"]

1. e4 e5 2. Nf3 Nc6 3. Bb5 a6 4. Ba4 Nf6 5. Qe2 b5 6. Bb3 Bc5 7. c3 O-O 8. O-O
d5 9. d3 dxe4 10. dxe4 Qe7 11. Bg5 Nd8 12. Nh4 g6 13. Bh6 Re8 14. Nf3 Be6 15.
Nbd2 Nh5 16. a4 Rb8 17. axb5 axb5 18. Ra6 Bb6 19. Re1 Bxb3 20. Nxb3 Qe6 21. Nc5
Qc8 22. Qxb5 c6 23. Qxb6 Rxb6 24. Rxb6 Nf4 25. Bxf4 exf4 26. Nd4 Qc7 27. Ra6 h5
28. b4 Qe5 29. f3 Kg7 30. Rea1 Re7 31. Ra8 Qc7 32. Rxd8 Qxd8 33. Nxc6 Qd2 34.
Nxe7 Qxc3 35. Rb1 Qc2 36. Rf1 Qc4 37. Nd5 g5 38. h3 f5 39. Ne6+ Kh6 40. Nec7
fxe4 41. fxe4 Qd4+ 42. Kh2 Qd3 43. Rf3 Qxe4 44. b5 Qe1 45. b6 Kg6 46. Rb3 Qe5
47. Rf3 Qe1 48. Nb5 g4 49. Nxf4+ Kg5 50. Nd4 Qe5 51. Ne6+ Kh6 52. Rb3 Qb8 53. b7
gxh3 54. Rxh3 1-0

[Event "4NCL 2017-18"]
[Site "England ENG"]
[Date "2018.05.06"]
[Round "10.54"]
[White "Longson, Alexander"]
[Black "Jones, Steven A"]
[Result "1-0"]
[WhiteTitle "FM"]
[WhiteElo "2331"]
[BlackElo "2225"]
[WhiteTeam "3Cs"]
[BlackTeam "West is Best"]
[WhiteFideId "408093"]
[BlackFideId "419630"]
[EventDate "2017.11.11"]

1. e4 d5 2. exd5 Qxd5 3. Nc3 Qd6 4. d4 Nf6 5. Nf3 a6 6. g3 Bg4 7. Bg2 Nc6 8. O-O
O-O-O 9. d5 Ne5 10. Bf4 Nxf3+ 11. Bxf3 Bxf3 12. Qxf3 e5 13. dxe6 Qxe6 14. Bg5
Bd6 15. Rae1 Be5 16. Na4 Rhe8 17. Nc5 Qd5 18. Qxd5 Rxd5 19. Bxf6 gxf6 20. Nd3 c5
21. Re4 Re6 22. Rfe1 b6 23. Kf1 Rd4 24. Rxd4 cxd4 25. Re4 Rc6 26. Re2 Re6 27.
Kg2 Kd7 28. Re4 Rc6 29. Rxe5 fxe5 30. Nxe5+ Kd6 31. Nxc6 Kxc6 32. Kf3 Kd5 33.
Ke2 Kc4 34. Kd2 b5 35. a3 a5 36. b3+ Kd5 37. Kd3 f5 38. f3 Ke5 39. c3 dxc3 40.
Kxc3 h5 41. Kd3 1-0

[Event "4NCL 2017-18"]
[Site "England ENG"]
[Date "2018.05.06"]
[Round "10.55"]
[White "Blackburn, Jonathan L B"]
[Black "Congiu, Mathilde"]
[Result "0-1"]
[BlackTitle "WIM"]
[WhiteElo "2200"]
[BlackElo "2229"]
[WhiteTeam "West is Best"]
[BlackTeam "3Cs"]
[WhiteFideId "1801090"]
[BlackFideId "634581"]
[EventDate "2017.11.11"]

1. d4 Nf6 2. c4 g6 3. Nc3 Bg7 4. e4 d6 5. Bd3 O-O 6. Nge2 Nc6 7. O-O e5 8. d5
Nd4 9. f3 c5 10. Nxd4 exd4 11. Ne2 b5 12. cxb5 a6 13. a4 axb5 14. Bxb5 Ba6 15.
Bxa6 Rxa6 16. b4 Qb6 17. bxc5 dxc5 18. Bf4 Nd7 19. Rc1 Rfa8 20. Rc4 Qa7 21. Qb1
Rxa4 22. Rxa4 Qxa4 23. Rd1 Qa6 24. Kf2 h5 25. h3 Ra7 26. g4 h4 27. Bg5 Rb7 28.
Qc2 Qb6 29. f4 c4 30. Qxc4 d3+ 31. Kf1 dxe2+ 32. Kxe2 Rc7 33. Qa4 Rc3 34. f5 Qd6
35. Rf1 Qh2+ 36. Rf2 Qxh3 37. fxg6 Qxg4+ 38. Ke1 Qxg5 39. gxf7+ Kh7 40. e5 Qe3+ 0-1

[Event "4NCL 2017-18"]
[Site "England ENG"]
[Date "2018.05.06"]
[Round "10.56"]
[White "Bentley, John L"]
[Black "Rees, Ioan"]
[Result "0-1"]
[BlackTitle "FM"]
[WhiteElo "2151"]
[BlackElo "2278"]
[WhiteTeam "3Cs"]
[BlackTeam "West is Best"]
[WhiteFideId "409901"]
[BlackFideId "1801236"]
[EventDate "2017.11.11"]

1. d4 Nf6 2. c4 c5 3. d5 b5 4. cxb5 a6 5. bxa6 g6 6. Nc3 Bxa6 7. Nf3 d6 8. e4
Bxf1 9. Kxf1 Nbd7 10. g3 Bg7 11. Kg2 O-O 12. a4 Qb6 13. Qc2 e6 14. Rd1 exd5 15.
exd5 Ng4 16. Nb5 Rfe8 17. h3 Nge5 18. Nd2 f5 19. f4 Nf7 20. Nc4 Qb8 21. Ra3 Nf6
22. Re3 Ne4 23. b3 Re7 24. Bb2 Qf8 25. Rde1 Rae8 26. Bxg7 Qxg7 27. Qb2 Qf8 28.
Qe2 g5 29. Nbxd6 Nfxd6 30. Nxd6 gxf4 31. gxf4 Rg7+ 0-1

[Event "4NCL 2017-18"]
[Site "England ENG"]
[Date "2018.05.06"]
[Round "10.57"]
[White "Kett, Tim"]
[Black "Walton, Alan J"]
[Result "1-0"]
[BlackTitle "CM"]
[WhiteElo "2215"]
[BlackElo "2154"]
[WhiteTeam "West is Best"]
[BlackTeam "3Cs"]
[WhiteFideId "1801210"]
[BlackFideId "409898"]
[EventDate "2017.11.11"]

1. d4 e6 2. c4 d5 3. Nc3 c6 4. e3 f5 5. g4 fxg4 6. Qxg4 Nf6 7. Qg2 Nbd7 8. Nf3
Qe7 9. Bd2 e5 10. dxe5 Nxe5 11. Nxe5 Qxe5 12. cxd5 Nxd5 13. Nxd5 Qxd5 14. Qxd5
cxd5 15. Bc3 Be6 16. h4 Kf7 17. h5 Be7 18. h6 Bf6 19. hxg7 Bxc3+ 20. bxc3 Kxg7
21. Be2 Rhf8 22. f4 Rf7 23. Kd2 Bf5 24. Rag1+ Kf8 25. Rg5 Rc8 26. Rxf5 1-0

[Event "4NCL 2017-18"]
[Site "England ENG"]
[Date "2018.05.06"]
[Round "10.58"]
[White "Burton, Graham P"]
[Black "Phillips, Roy"]
[Result "0-1"]
[BlackTitle "FM"]
[WhiteElo "1979"]
[BlackElo "2170"]
[WhiteTeam "3Cs"]
[BlackTeam "West is Best"]
[WhiteFideId "470082"]
[BlackFideId "404136"]
[EventDate "2017.11.11"]

1. e4 g6 2. d4 Bg7 3. Nf3 d6 4. Be2 Nf6 5. Nc3 O-O 6. O-O a6 7. h3 b5 8. e5 Nfd7
9. Bg5 Bb7 10. exd6 cxd6 11. a3 Nf6 12. Qd2 Nbd7 13. Bh6 Rc8 14. Bxg7 Kxg7 15.
Nh2 Nb6 16. Ng4 Nxg4 17. hxg4 e6 18. g5 Rh8 19. f4 h6 20. Rf2 Rc7 21. Raf1 Rh7
22. d5 Nxd5 23. Ne4 hxg5 24. Nxg5 Rh4 25. g3 Rh8 26. Qd4+ Qf6 27. Qxf6+ Nxf6 28.
Bf3 Bxf3 29. Nxf3 Ne4 30. Rg2 Rh3 31. Re1 d5 0-1

[Event "4NCL 2017-18"]
[Site "England ENG"]
[Date "2018.05.06"]
[Round "10.61"]
[White "Gormally, Daniel W"]
[Black "Hanley, Craig A"]
[Result "1/2-1/2"]
[WhiteTitle "GM"]
[BlackTitle "IM"]
[WhiteElo "2484"]
[BlackElo "2446"]
[WhiteTeam "Blackthorne Russia"]
[BlackTeam "Spirit of Atticus"]
[WhiteFideId "406465"]
[BlackFideId "408514"]
[EventDate "2017.11.11"]

1. d4 d5 2. Nf3 c6 3. c4 e6 4. Nc3 f5 5. Bf4 Nf6 6. e3 Bd6 7. Ne5 O-O 8. Bd3 Ne4
9. h3 Nd7 10. Bxe4 Bxe5 11. Bxd5 exd5 12. dxe5 dxc4 13. Qd6 Re8 14. O-O-O Qe7
15. Qxe7 Rxe7 16. g4 Nb6 17. Rd8+ Kf7 18. Rxc8 Rxc8 19. gxf5 Rce8 20. Ne4 Rxe5
21. Nd6+ Kf8 22. Bxe5 Rxe5 23. e4 Ra5 24. Nxb7 Rxa2 25. Kb1 Ra4 26. Nc5 Rb4 27.
Kc2 Ke7 28. Kc3 Rb5 29. Kd4 Rxb2 30. Ra1 Rd2+ 31. Ke5 c3 32. Rxa7+ Nd7+ 33. Nxd7
Rxd7 34. Ra6 Rd6 35. Ra7+ Rd7 36. Ra6 Rd6 37. Ra7+ 1/2-1/2

[Event "4NCL 2017-18"]
[Site "England ENG"]
[Date "2018.05.06"]
[Round "10.62"]
[White "Lund, D Brett"]
[Black "Hunt, Harriet V"]
[Result "1/2-1/2"]
[BlackTitle "IM"]
[WhiteElo "2235"]
[BlackElo "2439"]
[WhiteTeam "Spirit of Atticus"]
[BlackTeam "Blackthorne Russia"]
[WhiteFideId "401242"]
[BlackFideId "403512"]
[EventDate "2017.11.11"]

1. c4 e5 2. g3 Nc6 3. Bg2 d6 4. Nc3 Be6 5. d3 Qd7 6. b4 Nd8 7. e4 g6 8. h4 h6 9.
Nge2 Bg7 10. Rb1 a6 11. a4 c6 12. a5 Ne7 13. Na4 Nc8 14. Qc2 Bg4 15. f3 Be6 16.
h5 Qe7 17. Be3 g5 18. d4 d5 19. dxe5 Bxe5 20. f4 gxf4 21. gxf4 Bd6 22. c5 Bc7
23. e5 Bg4 24. Nd4 Ne6 25. Nf5 Bxf5 26. Qxf5 Na7 27. Nb6 Bxb6 28. cxb6 Nb5 29.
Qd3 O-O-O 30. f5 Ng5 31. Bf4 f6 32. e6 Rhg8 33. Rb2 Nd6 34. O-O Nc4 35. Rb3 Rg7
36. Kh1 Qe8 37. Qe2 Nd6 38. Bh2 Nge4 39. Re3 Rg5 40. Bxe4 dxe4 41. Bxd6 Rxd6 42.
Rh3 Rd3 43. Rh4 Rdg3 44. Qxe4 Rxh5 45. Rg1 Re3 46. Qf4 Re5 47. Rf1 c5 48. Rxh5
Qxh5+ 49. Kg1 cxb4 50. Qc4+ Kd8 51. Qc7+ Ke8 52. Qc8+ Ke7 53. Qc7+ Ke8 54. Qc8+
Ke7 55. Qxb7+ Kf8 56. Qb8+ Ke7 57. Qc7+ 1/2-1/2

[Event "4NCL 2017-18"]
[Site "England ENG"]
[Date "2018.05.06"]
[Round "10.63"]
[White "Bates, Richard A"]
[Black "House, Glenn L"]
[Result "1-0"]
[WhiteTitle "IM"]
[BlackTitle "FM"]
[WhiteElo "2371"]
[BlackElo "2199"]
[WhiteTeam "Blackthorne Russia"]
[BlackTeam "Spirit of Atticus"]
[WhiteFideId "403555"]
[BlackFideId "406228"]
[EventDate "2017.11.11"]

1. d4 Nf6 2. Nf3 e6 3. g3 b5 4. Bg2 Bb7 5. O-O Be7 6. Bg5 O-O 7. Nbd2 d6 8. Re1
h6 9. Bxf6 Bxf6 10. e4 Nd7 11. c3 Be7 12. Qe2 a6 13. a4 c6 14. e5 d5 15. axb5
cxb5 16. b4 Qc7 17. Rec1 a5 18. Nb3 a4 19. Nc5 Bc6 20. Ne1 Nb6 21. Ned3 Rae8 22.
f4 Bd8 23. h4 Nc4 24. Bh3 Bd7 25. Nxd7 Qxd7 26. Rf1 Bb6 27. f5 exf5 28. Bxf5 Qc7
29. Kh2 Nd6 30. Nc5 Bxc5 31. bxc5 Nxf5 32. Rxf5 f6 33. Qxb5 fxe5 34. Raf1 exd4
35. cxd4 Qe7 36. Re5 Qd8 37. Rxf8+ Rxf8 38. Qxa4 Rf2+ 39. Kg1 Qf6 40. Qa8+ Kh7
41. Qxd5 Rf1+ 42. Kg2 Rf2+ 43. Kh3 Rd2 44. Qe4+ Kg8 45. Rf5 Qxd4 46. Qxd4 Rxd4
47. Rf4 Rd7 48. c6 Rc7 49. Rc4 Kf7 50. Kg4 g6 51. h5 gxh5+ 52. Kxh5 Kg7 53. Rg4+
Kf6 54. Kxh6 Rc8 55. Rg6+ Kf5 56. g4+ Kf4 57. Kg7 Rc7+ 58. Kf8 1-0

[Event "4NCL 2017-18"]
[Site "England ENG"]
[Date "2018.05.06"]
[Round "10.64"]
[White "Carleton, John J"]
[Black "Ledger, Andrew J"]
[Result "1/2-1/2"]
[BlackTitle "IM"]
[WhiteElo "2258"]
[BlackElo "2369"]
[WhiteTeam "Spirit of Atticus"]
[BlackTeam "Blackthorne Russia"]
[WhiteFideId "401013"]
[BlackFideId "400610"]
[EventDate "2017.11.11"]

1. d4 Nf6 2. c4 e6 3. Nc3 Bb4 4. e3 O-O 5. Bd3 d5 6. cxd5 exd5 7. Ne2 Re8 8. Bd2
Nbd7 9. Rc1 c6 10. O-O Bd6 11. f3 c5 12. Qe1 b6 13. Qf2 Bb7 14. g4 Nf8 15. Nb5
Be7 16. Ng3 Ne6 17. Nf5 Bf8 18. Qh4 h6 19. Rce1 a6 20. Nc3 Nh7 21. Qxd8 Raxd8
22. Ne2 g6 23. Nfg3 Bg7 24. Bc3 Bf6 25. f4 Nc7 26. f5 g5 27. Nh5 c4 28. Bc2 Rxe3
29. Neg3 Rde8 30. Rxe3 Rxe3 31. Kf2 Re7 32. a4 Re8 33. Ne2 Be7 34. Ng1 f6 35.
Nf3 Bd6 36. h4 Kf7 37. hxg5 hxg5 38. Rh1 Kg8 39. b3 b5 40. Ba5 Bc6 41. Rb1 Rb8
42. axb5 axb5 43. Re1 Ne8 44. b4 Bd7 45. Nd2 Kf7 46. Nb1 Nc7 47. Nc3 Bc6 48.
Bxc7 Bxc7 49. Re6 Rb6 50. Bd1 Bb7 51. Rxb6 Bxb6 52. Ke3 Ke7 1/2-1/2

[Event "4NCL 2017-18"]
[Site "England ENG"]
[Date "2018.05.06"]
[Round "10.65"]
[White "Ansell, Simon T"]
[Black "Ivell, Nicholas W"]
[Result "1/2-1/2"]
[WhiteTitle "IM"]
[WhiteElo "2342"]
[BlackElo "2201"]
[WhiteTeam "Blackthorne Russia"]
[BlackTeam "Spirit of Atticus"]
[WhiteFideId "402141"]
[BlackFideId "400726"]
[EventDate "2017.11.11"]

1. e4 c5 2. Nf3 e6 3. d4 cxd4 4. Nxd4 Nf6 5. Bd3 Nc6 6. Nxc6 bxc6 7. O-O d6 8.
c4 e5 9. Nc3 Be7 10. Qc2 Be6 11. f4 exf4 12. Bxf4 O-O 13. Kh1 h6 14. Rad1 Qa5
15. Qd2 Qc5 16. a3 a5 17. e5 dxe5 18. Be3 Qd6 19. Rxf6 gxf6 20. Bxh6 Rfd8 21.
Qe2 f5 22. Bxf5 Qxd1+ 23. Nxd1 Bxf5 24. Nc3 e4 25. Qh5 Bg6 26. Qe5 Bf8 27. Bxf8
Kxf8 28. Qh8+ Ke7 29. Qe5+ Kf8 30. Qh8+ Ke7 31. Qe5+ Kf8 32. Qh8+ 1/2-1/2

[Event "4NCL 2017-18"]
[Site "England ENG"]
[Date "2018.05.06"]
[Round "10.66"]
[White "Jackson, Sheila"]
[Black "Webb, Laurence E"]
[Result "0-1"]
[WhiteTitle "WGM"]
[BlackTitle "FM"]
[WhiteElo "2098"]
[BlackElo "2281"]
[WhiteTeam "Spirit of Atticus"]
[BlackTeam "Blackthorne Russia"]
[WhiteFideId "402508"]
[BlackFideId "402389"]
[EventDate "2017.11.11"]

1. e4 e6 2. d4 d5 3. Nd2 Be7 4. Bd3 c5 5. dxc5 Nf6 6. Qe2 O-O 7. Ngf3 a5 8. a4
Na6 9. e5 Nd7 10. Nb3 Ndxc5 11. Nxc5 Nxc5 12. Bb5 Bd7 13. O-O Bxb5 14. Qxb5 Qd7
15. Qxd7 Nxd7 16. Be3 Rfc8 17. c3 Rc4 18. Nd2 Rc7 19. f4 g6 20. Kf2 f5 21. exf6
Bxf6 22. Nf3 Kf7 23. g4 Nc5 24. Ke2 Ne4 25. Bd4 Bxd4 26. Nxd4 Nd6 27. Kd3 Re8
28. Rae1 Ne4 29. Nb5 Rd7 30. Kc2 Nc5 31. b3 Ne4 32. Rf3 Rh8 33. Re2 h5 34. g5
Rc8 35. Rd3 Ke7 36. Nd4 Rdc7 37. Nb5 Nxc3 38. Nxc3 d4 39. Rxd4 Rxc3+ 40. Kb2 Rf3
41. Rde4 Rc6 42. R2e3 Rf2+ 43. Re2 Rxe2+ 44. Rxe2 Rc5 45. Re4 Kd6 46. b4 axb4
47. Rxb4 Rc7 48. h4 Kd5 49. Kb3 Rc1 50. Rb5+ Kc6 51. Re5 Kd6 52. Kb4 Rh1 53. Kb5
Rxh4 54. Re4 Rh1 55. Rd4+ Ke7 56. Kb6 h4 57. Kxb7 h3 58. Rd2 Ra1 59. Kc7 e5 60.
fxe5 Rxa4 61. Rd7+ Ke6 62. Rd6+ Kxe5 63. Rxg6 Rh4 0-1

[Event "4NCL 2017-18"]
[Site "England ENG"]
[Date "2018.05.06"]
[Round "10.67"]
[White "Duncan, Chris R"]
[Black "Latham, David"]
[Result "1-0"]
[WhiteTitle "FM"]
[WhiteElo "2229"]
[BlackElo "2102"]
[WhiteTeam "Blackthorne Russia"]
[BlackTeam "Spirit of Atticus"]
[WhiteFideId "403091"]
[BlackFideId "428280"]
[EventDate "2017.11.11"]

1. Nf3 Nf6 2. c4 e6 3. Nc3 c5 4. d4 cxd4 5. Nxd4 d6 6. g3 a6 7. Bg2 Be7 8. O-O
O-O 9. b3 Qc7 10. Bb2 Nc6 11. Rc1 Nxd4 12. Qxd4 Bd7 13. Rfd1 e5 14. Qd3 Rad8 15.
a3 Be6 16. b4 Rc8 17. Nd5 Bxd5 18. Bxd5 Nxd5 19. Qxd5 Qc6 20. Qd3 Rfd8 21. h4 g6
22. e4 Bf6 23. Rc2 Qe8 24. Qd5 Qe7 25. Bc1 b5 26. Be3 bxc4 27. Rdc1 Qe6 28. Rxc4
Rxc4 29. Rxc4 Qxd5 30. exd5 Ra8 31. Kf1 Kf8 32. Ke2 Bd8 33. Kd3 Ke8 34. Rc6 Kd7
35. a4 f5 36. Bg5 Bc7 37. Kc4 Kc8 38. a5 Kb7 39. Be7 Rc8 40. Kb3 Re8 41. Bxd6
Bxd6 42. Rxd6 e4 43. Rb6+ Kc8 44. Re6 Rf8 45. Rxa6 Kd7 46. Re6 f4 47. Rxe4 fxg3
48. fxg3 Rf3+ 49. Kc4 Rxg3 50. b5 Ra3 51. a6 Ra4+ 52. Kd3 Ra3+ 53. Kd4 Kd6 54.
Re6+ Kd7 55. Kc5 Ra4 56. h5 g5 57. Rh6 1-0

[Event "4NCL 2017-18"]
[Site "England ENG"]
[Date "2018.05.06"]
[Round "10.68"]
[White "Ackley, Peter J E"]
[Black "Ledger, Dave J"]
[Result "1/2-1/2"]
[BlackTitle "FM"]
[WhiteElo "2017"]
[BlackElo "2182"]
[WhiteTeam "Spirit of Atticus"]
[BlackTeam "Blackthorne Russia"]
[WhiteFideId "414824"]
[BlackFideId "401986"]
[EventDate "2017.11.11"]

1. c4 e5 2. g3 Nf6 3. Bg2 d5 4. cxd5 Nxd5 5. Nc3 Nb6 6. Nf3 Nc6 7. O-O Be7 8. a3
Be6 9. d3 f6 10. b4 Qd7 11. Be3 Rd8 12. Na4 Nd4 13. Nxb6 axb6 14. Bxd4 exd4 15.
Qc2 O-O 16. Rfc1 c6 17. Qb2 b5 18. a4 bxa4 19. Rxa4 Qd6 20. b5 cxb5 21. Qxb5 Rc8
22. Re1 Rc7 23. Rxd4 Qc5 24. Qxc5 Bxc5 25. Re4 Bd5 26. Ra4 b5 27. Raa1 b4 28.
Nd2 Bf7 29. Nc4 Bd4 30. Rab1 Bc3 31. Rec1 Rd8 32. Na5 Re8 33. Nc6 Ba2 34. Nxb4
Bxb4 35. Rxc7 Bxb1 36. Bd5+ Kh8 37. Rb7 Bd6 38. Rxb1 Rxe2 39. Rb6 Bc7 40. Rc6
Re7 41. d4 g6 42. Be6 Kg7 43. d5 Be5 44. Kg2 f5 45. Bc8 Rc7 46. Kf3 Rxc6 47.
dxc6 Kf6 48. Ke3 g5 49. f3 f4+ 50. Kf2 h6 51. g4 Bc7 52. Ke2 Ke5 53. Kd3 Kd5 54.
Bb7 Ke5 55. Kc4 Bb6 56. Kb5 Bc7 57. Kc5 Bd8 58. Bc8 Bc7 59. Bd7 Bd8 60. Bf5 1/2-1/2

[Event "4NCL 2017-18"]
[Site "England ENG"]
[Date "2018.05.06"]
[Round "10.71"]
[White "Bisby, Daniel L"]
[Black "Sowray, Peter J"]
[Result "1-0"]
[WhiteTitle "FM"]
[BlackTitle "FM"]
[WhiteElo "2322"]
[BlackElo "2365"]
[WhiteTeam "Cambridge University"]
[BlackTeam "Barbican 4NCL"]
[WhiteFideId "404586"]
[BlackFideId "400971"]
[EventDate "2017.11.11"]

1. Nf3 d6 2. d4 g6 3. e4 Nf6 4. Nc3 Bg7 5. Be2 O-O 6. O-O c6 7. Bg5 b5 8. e5 b4
9. exf6 exf6 10. Bf4 bxc3 11. bxc3 Na6 12. Qd2 Nc7 13. c4 Ne6 14. Be3 a5 15. d5
cxd5 16. cxd5 Nc5 17. Nd4 Ba6 18. Bxa6 Rxa6 19. Nc6 Qc7 20. Rfe1 Nd7 21. f4 Nb8
22. Qd3 Nxc6 23. Qxa6 Nb4 24. Qb5 f5 25. Rad1 Rb8 26. Qa4 Qxc2 27. Qxc2 Nxc2 28.
Ba7 Ra8 29. Re7 Nb4 30. a3 Na2 31. Rb7 Nc3 32. Rd3 Ne2+ 33. Kf1 Nxf4 34. Rd1 Be5
35. a4 Kg7 36. Bd4 Kf6 37. g3 Nxd5 38. Bxe5+ Kxe5 39. Rb5 1-0

[Event "4NCL 2017-18"]
[Site "England ENG"]
[Date "2018.05.06"]
[Round "10.73"]
[White "Bukojemski, Adam"]
[Black "Taylor, Martin R"]
[Result "1/2-1/2"]
[BlackTitle "FM"]
[WhiteElo "2194"]
[BlackElo "2348"]
[WhiteTeam "Cambridge University"]
[BlackTeam "Barbican 4NCL"]
[WhiteFideId "1114620"]
[BlackFideId "407836"]
[EventDate "2017.11.11"]

1. e4 e5 2. Nf3 Nc6 3. Bb5 a6 4. Ba4 Nf6 5. Bxc6 dxc6 6. d3 Nd7 7. O-O Bd6 8. c3
c5 9. Be3 O-O 10. d4 Qe7 11. Nbd2 cxd4 12. cxd4 exd4 13. Nxd4 Ne5 14. h3 Rd8 15.
Qc2 Qh4 16. f4 Qg3 17. Rfe1 Ng6 18. e5 Bb4 19. Ne4 Qh4 20. Rf1 Rxd4 21. Bxd4
Nxf4 22. Qf2 Qxf2+ 23. Rxf2 Ne6 24. Bc3 Be7 25. Raf1 Nd8 26. a3 b6 27. Bb4 c5
28. Bc3 Be6 29. Nd6 Ra7 30. Rd2 Kf8 31. g4 Nc6 32. Nf5 Rc7 33. Nxe7 Kxe7 34. b4
cxb4 35. Bxb4+ Nxb4 36. axb4 a5 37. bxa5 bxa5 38. Ra1 Rc5 39. Rd3 Rxe5 40. Rda3
h5 41. Rxa5 Rxa5 42. Rxa5 hxg4 43. hxg4 Kf6 44. g5+ Kg6 45. Kf2 Bf5 46. Ra7 Be6
47. Ra5 1/2-1/2

[Event "4NCL 2017-18"]
[Site "England ENG"]
[Date "2018.05.06"]
[Round "10.74"]
[White "Klingher, Dominic"]
[Black "Lee, Richard W Y"]
[Result "1/2-1/2"]
[WhiteElo "2153"]
[BlackElo "2149"]
[WhiteTeam "Barbican 4NCL"]
[BlackTeam "Cambridge University"]
[WhiteFideId "428850"]
[BlackFideId "418781"]
[EventDate "2017.11.11"]

1. e4 e6 2. d3 d5 3. Nd2 Nf6 4. Ngf3 Be7 5. g3 c5 6. Bg2 Nc6 7. O-O O-O 8. e5
Nd7 9. Re1 b5 10. Nf1 Qc7 11. Bf4 a5 12. h4 b4 13. h5 Ba6 14. Ne3 a4 15. a3 Qa5
16. Bh3 Ra7 17. Ng2 bxa3 18. bxa3 Rb8 19. Bd2 Qc7 20. Nf4 Re8 21. h6 g6 22. Nxe6
fxe6 23. Bxe6+ Kf8 24. Bxd5 Ncxe5 25. Nxe5 Nxe5 26. Bc3 Bf6 27. f4 Nf3+ 28. Qxf3
Bxc3 29. Rxe8+ Kxe8 30. Rb1 Bc8 31. Bc4 Qe7 32. f5 Kd8 33. fxg6 hxg6 34. Rf1 Rd7
35. Bb5 Rd6 36. Bxa4 Bd4+ 37. Kh2 Bb7 38. Qf8+ Qxf8 39. Rxf8+ Ke7 40. Re8+ Kf6
41. h7 Kg5 42. h8=Q Bxh8 43. Rxh8 Ra6 44. Rh4 Bd5 45. Rf4 Re6 46. Kg1 Re1+ 47.
Kf2 Ra1 48. Bb3 Bxb3 49. cxb3 Rxa3 50. Rc4 Rxb3 51. Rxc5+ Kg4 52. Rc4+ Kf5 53.
Ke3 Rb1 54. Rf4+ Kg5 55. Ke4 Re1+ 56. Kf3 Rf1+ 57. Ke3 Re1+ 58. Kf2 Rd1 59. d4
Rd3 60. Kg2 Ra3 61. Kh3 Rd3 62. Re4 Kf5 63. Re5+ Kf6 64. Rd5 Ke6 65. Rg5 Rxd4
66. Rxg6+ Kf7 67. Rb6 Kg7 68. g4 Ra4 69. Kh4 Ra5 70. Rc6 Kh7 71. g5 Ra1 72. Kg4
Kg7 73. Rd6 Rb1 74. Rd4 Kg6 75. Rd6+ Kg7 76. Kf5 Rf1+ 77. Kg4 Ra1 78. Rf6 Rb1
79. Rf4 Kg6 80. Rf6+ 1/2-1/2

[Event "4NCL 2017-18"]
[Site "England ENG"]
[Date "2018.05.06"]
[Round "10.75"]
[White "Robertson, J Stuart"]
[Black "Morrison, Graham SCO"]
[Result "0-1"]
[BlackTitle "FM"]
[WhiteElo "2120"]
[BlackElo "2294"]
[WhiteTeam "Cambridge University"]
[BlackTeam "Barbican 4NCL"]
[WhiteFideId "417114"]
[BlackFideId "2400090"]
[EventDate "2017.11.11"]

1. d4 Nf6 2. c4 e6 3. Nc3 Bb4 4. f3 d5 5. a3 Bxc3+ 6. bxc3 c5 7. cxd5 Nxd5 8.
dxc5 Qa5 9. e4 Ne7 10. Be3 O-O 11. Qb3 Qc7 12. Bb5 e5 13. Ne2 Be6 14. Qa4 a6 15.
Rd1 axb5 16. Qxa8 Nbc6 17. Qxf8+ Kxf8 18. O-O Na5 19. Rf2 Nc4 20. Bc1 Ng6 21. f4
Nxf4 22. Bxf4 exf4 23. Nxf4 Kg8 24. Kh1 h6 25. h3 Qxc5 26. Nxe6 fxe6 27. Rd8+
Kh7 28. Rf7 Qxa3 29. Rd3 Ne5 0-1